| 000 | 00492nam a2200145Ia 4500 | ||
|---|---|---|---|
| 008 | 231221s9999 xx 000 0 und d | ||
| 020 | _a978-0-387-32936-9 | ||
| 041 | _aEnglish | ||
| 100 | _aPredrag Pejovic | ||
| 245 | 0 | _aThree-Phase Diode Bridge Rectifier With Low Harmonics | |
| 260 |
_c2007 _bSpringer US _aNew York |
||
| 440 | _aPower Electronics and Power Systems | ||
| 650 | _aEnergy Technology; Electronics and Microelectronics, Instrumentation; Circuits and Systems | ||
| 942 | _cEB | ||
| 999 |
_c225616 _d225616 |
||